Konosuke Matsushita : Portrait of a Japanese business magnate

Zapisane w:
Opis bibliograficzny
1. autor: Sheba, Togo
Format: Książka
Język:Undetermined
Wydane: Tokyo The Rengo press
Hasła przedmiotowe:
Etykiety: Dodaj etykietę
Nie ma etykietki, Dołącz pierwszą etykiete!
Thư viện lưu trữ: Trung tâm Học liệu Trường Đại học Cần Thơ
LEADER 00511nam a2200193Ia 4500
001 CTU_96662
008 210402s9999 xx 000 0 und d
082 |a 338.952 
082 |b S539 
100 |a Sheba, Togo 
245 0 |a Konosuke Matsushita : 
245 0 |b Portrait of a Japanese business magnate 
245 0 |c Togo Sheba 
260 |a Tokyo 
260 |b The Rengo press 
650 |a Economic policy 
650 |z Japan 
904 |i Hiếu 
980 |a Trung tâm Học liệu Trường Đại học Cần Thơ